Stereoselective total synthesis of protected sulfamisterin and its analogues

Bibliographic Details
Main Authors: Uhríková, Alena (Author), Špaková Raschmanová, Jana (Author), Gonda, Jozef, 1957- (Author), Martinková, Miroslava (Author)
Format: Article
Language:English
Subjects:

MARC

LEADER 00000nab a2200000uu 4500
001 vtls010879547
003 SK-MaSNL
005 20260304012620.0
008 230303|2013 xo |||||||||||||||||eng|
015 |a SNBRB 
035 |a (urnnbn)urn:nbn:sk:snk:ar-005w5j 
035 |a (uuid)18e5d36a-c8ce-4869-b358-f37508e37fd7 
035 |a urn:nbn:sk:snk-ab7nhc 
040 |a SNKBUCL  |b slo  |c SNKBUCL  |e AACR2 
041 0 |a eng 
044 |a xo  |c SK 
080 |a 547.466  |2 2001 
100 1 |a Uhríková, Alena  |4 aut  |9 823166 
245 1 0 |a Stereoselective total synthesis of protected sulfamisterin and its analogues  |c Alena Uhríková, Jozef Gonda, Miroslava Martinková, Jana Špaková Raschmanová 
504 |a Bibliogr. odkazy 
650 0 7 |a syntéza  |2 SNK  |9 50205 
650 0 7 |a aminokyseliny  |2 SNKPH  |9 16104 
655 7 |a štúdie  |2 SNKPH  |9 57033 
700 1 |a Špaková Raschmanová, Jana  |4 aut  |9 374229 
700 1 |a Gonda, Jozef,  |d 1957-  |4 aut  |9 39720 
700 1 |a Martinková, Miroslava  |4 aut  |9 448374 
773 0 |t Chemical papers  |g Roč. 67, č. 10 (2013), s. [1317]-1329 
958 |a NB 
958 |a OND 
958 |a EUIPO 
958 |a article8 
999 |c 2572521  |d 2574451